Agricultural and rural capital markets in Turkey, Croatia and the FYR of Macedonia

Analýza faktorov poľnohospodárstva a vidieka na kapitálových trhoch troch kandidátskych krajín EÚ - Turecka, Chorvátska, Macedónska. Vývoj kapitálových trhov - inflácia, výkon bankový, priame zahraničné investície, remitencie, determinanty vývoja.

Salvato in:
Dettagli Bibliografici
Autore principale: Bojnec, Štefan
Natura: Capitolo di libro
Lingua:inglese
Soggetti:
Tags: Aggiungi Tag
Nessun Tag, puoi essere il primo ad aggiungerne!!

MARC

LEADER 00000naa a2200000 4500
001 0165614
005 20231211070505.6
041 0 |a eng 
044 |a CZ 
245 1 0 |a Agricultural and rural capital markets in Turkey, Croatia and the FYR of Macedonia  |c Štefan Bojnec 
520 |a Analýza faktorov poľnohospodárstva a vidieka na kapitálových trhoch troch kandidátskych krajín EÚ - Turecka, Chorvátska, Macedónska. Vývoj kapitálových trhov - inflácia, výkon bankový, priame zahraničné investície, remitencie, determinanty vývoja. 
610 2 0 |a poľnohospodárstvo 
610 2 0 |a vidiek 
610 2 0 |a trh kapitálový 
610 2 0 |a trh kapitálový medzinárodný 
610 2 0 |a aktíva 
610 2 0 |a Turecko 
610 2 0 |a Chorvátsko 
610 2 0 |a Macedónsko 
100 1 |a Bojnec, Štefan